Statistics for Crown Lands of Austria-Hungary in 1914 with a Map

Click here to take the quiz!

General Stats

  • This quiz has been taken 58 times
  • The average score is 13 of 21

Answers on the Map

Answers color-coded by a green-red scale on the quiz's map according to % correct below.
Loading ...
 

Answer Stats

Crown Land% Correct
Hungary
100%
Bosnia and Herzegovina
100%
Croatia-Slavonia
98%
Bohemia
89%
Dalmatia
75%
Tyrol
75%
Moravia
70%
Trieste
66%
Lower Austria
64%
Upper Austria
64%
Salzburg
64%
Carinthia
58%
Silesia
58%
Istria
57%
Styria
55%
Galicia and Lodomeria
55%
Vorarlberg
51%
Carniola
38%
Bukovina
34%
Fiume
30%
Gorizia and Gradisca
26%

Score Distribution

Percentile by Number Answered

Percent of People with Each Score

Your Score History

You have not taken this quiz